Fundamentals of deep learning : (Record no. 195826)

MARC details
000 -LEADER
fixed length control field 00790nam a2200229Ia 4500
003 - CONTROL NUMBER IDENTIFIER
control field OSt
005 - DATE AND TIME OF LATEST TRANSACTION
control field 20251127165736.0
008 - FIXED-LENGTH DATA ELEMENTS--GENERAL INFORMATION
fixed length control field 210716s2017 xx 000 0 und d
020 ## - INTERNATIONAL STANDARD BOOK NUMBER
International Standard Book Number 9789352135608
040 ## - CATALOGING SOURCE
Transcribing agency AIMIT LIBRARY
041 ## - LANGUAGE CODE
Language code of text/sound track or separate title eng
082 ## - DEWEY DECIMAL CLASSIFICATION NUMBER
Classification number 006.31
Edition number 1
Item number BUDN
100 ## - MAIN ENTRY--PERSONAL NAME
Personal name Buduma, Nikhil.
9 (RLIN) 247069
245 ## - TITLE STATEMENT
Title Fundamentals of deep learning :
Remainder of title designing next generation machine intelligence algorithms /
Statement of responsibility, etc. By Nikhil Buduma
250 ## - EDITION STATEMENT
Edition statement 1st ed.
260 ## - PUBLICATION, DISTRIBUTION, ETC.
Place of publication, distribution, etc. New Delhi :
Name of publisher, distributor, etc. Shroff Publications and Distributers Pvt Ltd ,
Date of publication, distribution, etc. 2017.
300 ## - PHYSICAL DESCRIPTION
Extent xii,283p. ;
Other physical details PB
Dimensions 23.5 cm
650 ## - SUBJECT ADDED ENTRY--TOPICAL TERM
Topical term or geographic name entry element Implementing neural network
9 (RLIN) 247070
650 ## - SUBJECT ADDED ENTRY--TOPICAL TERM
Topical term or geographic name entry element Convolutional neural networks
9 (RLIN) 247071
650 ## - SUBJECT ADDED ENTRY--TOPICAL TERM
Topical term or geographic name entry element Memory augmented neural networks
9 (RLIN) 247072
942 ## - ADDED ENTRY ELEMENTS (KOHA)
Source of classification or shelving scheme Dewey Decimal Classification
Koha item type Book
Edition 1st
Call number prefix 006.31 BUDN
Holdings
Withdrawn status Lost status Source of classification or shelving scheme Damaged status Not for loan Collection code Home library Current library Source of acquisition Cost, normal purchase price Inventory number Total Checkouts Full call number Barcode Date last seen Cost, replacement price Price effective from Koha item type
    Dewey Decimal Classification     MCA St Aloysius Institute of Management & Information Technology St Aloysius Institute of Management & Information Technology Shroff Publishers 775.00 Bill no:578/118/INV; Bill dt:201   006.31 BUDN MCA15339 05/23/2026 581.25 07/16/2021 Book